| 000 | 00623nam a22002177a 4500 | ||
|---|---|---|---|
| 005 | 20210426114805.0 | ||
| 008 | 210204b1994 eng||||| |||| 00| 0 eng d | ||
| 020 | _a0198539789 | ||
| 020 | _a0195106466 | ||
| 040 | _cDLC | ||
| 041 | _aeng | ||
| 080 |
_a001 _bP-41 |
||
| 100 |
_9788 _aPenrose,Roger |
||
| 245 |
_aShadows of the mind _b : Asearch for the missing science of consciousness _cRoger Penrose |
||
| 260 |
_aNew York _bOxford university press _c1994 |
||
| 300 | _a457 p.: | ||
| 365 | _a22.50 USD | ||
| 650 | 0 |
_2shadows of the mind _9681 _aScience |
|
| 653 | _aმეცნიერება | ||
| 942 |
_2udc _cBK |
||
| 999 |
_c1195 _d1195 |
||